00740nam a2200217 a 45000010005000000030009000050050017000140080041000310200015000720400028000870820016001152450120001312600045002513000045002965040030003416500048003716510042004197000022004617000021004837000018005042559BD-DhUAP20200303163655.0200303s1980 su ab b 000 0 eng  a0960116427 aDLCcDLCdBD-DhUAPbEng00a953 ARA22300aAramco and its world :bArabia and the Middle East /cedited by Ismail I. Nawwab, Peter C. Speers and Paul F. Hoye. aDhahran, Saudi Arabia :bAramco,cc1980. axi, 275 pages :billustrations ;c29 cm. aBibliography: p. 253-261. 0aPetroleum industry and tradezSaudi Arabia. 0aSaudi ArabiaxDescription and travel.1 aNawwab, Ismail I.1 aSpeers, Peter C.1 aHoye, Paul F.